000 00269nam a2200121Ia 4500
008 190216s9999||||xx |||||||||||||| ||und||
100 _aCharles Lamb
245 0 _aEssays Of Elia
260 _bMacmillan
_c1967
300 _a371
650 _aEnglish Essay
942 _cBK
999 _c11960
_d11960